Učitavanje...

TRADITIONAL FUTURES: LAW AND CUSTOM IN INDIA’S LAKSHADWEEP ISLANDS

Bibliografski detalji
Glavni autor: V. Vijayakumar. Kamala Sankaran Rev
Format: Printed Book
Izdano: New Delhi Oxford University Press 2006
Teme:
Online pristup:http://10.26.1.76/ks/006754.pdf
LEADER 00453nam a22001217a 4500
999 |c 119560  |d 119560 
100 |a V. Vijayakumar.   |a Kamala Sankaran Rev  |9 46235 
245 |a TRADITIONAL FUTURES: LAW AND CUSTOM IN INDIA’S LAKSHADWEEP ISLANDS  
260 |a New Delhi  |b Oxford University Press  |c 2006 
650 |a BOOK REVIEW  |9 46236 
856 |u http://10.26.1.76/ks/006754.pdf 
942 |c KS 
952 |0 0  |1 0  |4 0  |7 0  |9 116318  |a MGUL  |b MGUL  |d 2016-11-21  |l 0  |r 2016-11-21  |w 2016-11-21  |y KS